| 000 | 01093cam a22002771 4500 | ||
|---|---|---|---|
| 001 | hew67000045 | ||
| 003 | DLC | ||
| 005 | 20260227111515.0 | ||
| 008 | 741001s1966 xx 000 0 eng | ||
| 010 | _ahew67000045 | ||
| 035 | _a(OCoLC)1026589 | ||
| 040 |
_aDLC _cTxU-Da _dOCoLC _dDLC |
||
| 050 | 0 | 0 |
_aZ5814.C52 _bW35 |
| 082 | _a016.3719 | ||
| 100 | 1 | _aWatt, Lois Belfield. | |
| 245 | 1 | 4 |
_aThe education of disadvantaged children; _ca bibliography, compiled by Lois B. Watt, Myra H. Thomas [and] Harriet L. Horner. |
| 260 |
_a[Washington] _bOffice of Education, U.S. Dept. of Health, Education, and Welfare, _c1966. |
||
| 300 |
_a32 p. _c26 cm. |
||
| 500 | _a"OE-14031-38." | ||
| 504 | _a"A bibliography from the Educational Materials Center, Division of Research Training and Dissemination." | ||
| 650 | 0 |
_aChildren with social disabilities _xEducation _vBibliography. |
|
| 650 | 0 |
_aChildren with disabilities _xEducation _vBibliography. |
|
| 700 | 1 |
_aThomas, Myra H., _ejoint author. |
|
| 700 | 1 |
_aHorner, Harriet L., _ejoint author. |
|
| 710 | 2 | _aEducational Materials Center (U.S.) | |
| 999 |
_c34680 _d34680 |
||